Del gobierno por el pueblo a la posdemocracia económica transnacional, global y cosmopolita /

Este trabajo tiene por objetivo analizar el concepto evolutivo y dinámico de la democracia como argumento de legitimidad de la acción de los gobiernos. Se inicia con el análisis del modelo de la democracia sustentada en los valores del liberalismo político y económico, para continuar con el modelo r...

Descrizione completa

Salvato in:
Dettagli Bibliografici
Autore principale: Vargas Hernández, José Guadalupe
Natura: testo
Soggetti:
Tags: Aggiungi Tag
Nessun Tag, puoi essere il primo ad aggiungerne!!

MARC

LEADER 00000 a a2200000 04500
001 40867
003
040
100 |a Vargas Hernández, José Guadalupe  
245 |a Del gobierno por el pueblo a la posdemocracia económica transnacional, global y cosmopolita /  |c José Guadalupe Vargas Hernández  
500 |a jgvh0611@yahoo.com  
520 |a Este trabajo tiene por objetivo analizar el concepto evolutivo y dinámico de la democracia como argumento de legitimidad de la acción de los gobiernos. Se inicia con el análisis del modelo de la democracia sustentada en los valores del liberalismo político y económico, para continuar con el modelo republicano y el señalamiento de las disfuncionalidades de la pos democracia postnacional que estrecha los vínculos entre la ideología del libre mercado que orienta a la política económica neoliberal y de la democracia liberal. Esta pos democracia se manifiesta como una democracia económica transnacional que promueve el libre mercado y los valores del neoliberalismo y la posmodernidad a escala global y cosmopolita, para justificar el avance de los procesos de globalización económica.  
590 |a RRA/ENERO2012  
650 |a 1.DEMOCRACIA  
650 |a 2.GLOBALIZACION  
650 |a 3.NEOLIBERALISMO  
650 |a 4.LIBRE MERCADO  
650 |a 5.TEORIA POLITICA  
773 |g volumen14, número43 ( , 2007), páginas 211-245  
999 |c 30856  |d 30856